Dalit literature: (Record no. 9488)

MARC details
000 -LEADER
fixed length control field 00741 a2200205 4500
010 ## - LIBRARY OF CONGRESS CONTROL NUMBER
LC control number ENG-88924
020 ## - INTERNATIONAL STANDARD BOOK NUMBER
Terms of availability 850.00
International Standard Book Number 8176258172
035 ## - SYSTEM CONTROL NUMBER
System control number EN-72457
037 ## - SOURCE OF ACQUISITION
Source of stock number/acquisition DBAD / PUB
082 ## - DEWEY DECIMAL CLASSIFICATION NUMBER
Classification number 305.562
090 ## - LOCALLY ASSIGNED LC-TYPE CALL NUMBER (OCLC); LOCAL CALL NUMBER (OCLC)
-- 9663
-- 9663
245 1# - TITLE STATEMENT
Title Dalit literature:
Statement of responsibility, etc edited by Amar Nath Prasad [and] M. B. Gaijan
Remainder of title a critical exploration/
260 ## - PUBLICATION, DISTRIBUTION, ETC. (IMPRINT)
Place of publication, distribution, etc New Delhi
Name of publisher, distributor, etc Sarup & Sons
Date of publication, distribution, etc 2007
270 ## - ADDRESS
Address 4740/23, Ansari Road, Darya Ganj
City New Delhi
Postal code 110 002.
Telephone number 011- 23281029, 011-23244664
Fax number 011- 23277098
300 ## - PHYSICAL DESCRIPTION
Extent xvi, 324 p.
Dimensions 23m (Hb.)
500 ## - GENERAL NOTE
General note Includes Index
700 1# - ADDED ENTRY--PERSONAL NAME
Personal name Gaijan, M. B. .
942 ## - ADDED ENTRY ELEMENTS (KOHA)
Institution code [OBSOLETE] dpl
Koha item type English Books
Call number prefix 305.562 / PRA
Holdings
Withdrawn status Lost status Source of classification or shelving scheme Damaged status Not for loan Collection code Home library Current library Source of acquisition Cost, normal purchase price Total Checkouts Full call number Barcode Date last seen Copy number Uniform Resource Identifier Cost, replacement price Price effective from Koha item type
    Dewey Decimal Classification   Not For Loan Non-fiction D.B.Act.Division D.B.Act.Division DBAD/PUB 850.00   305.562 DAL EN-72457 15/09/2008 1 10474 850.00 15/09/2008 English Books

© Delhi Public Library
Hit Counter
free hit counter